Mnohosť kultúr a pevnosť Európa
Už v minulosti sa Európa rozvíjala ako kontinent mnohých národov a etník, ako miesto kde sa stretávali rôzne kultúry, idey, jazyky, osudy. S vytvorením Európskej únie sa ešte silnejšie ozvali spory o identitu Európy a jej rôzne vymedzenia. Európa čelí rastúcemu migračnému tlaku.Na jednej strane, chc...
Enregistré dans:
| Auteur principal: | |
|---|---|
| Format: | Chapitre de livre |
| Langue: | slovaque |
| Sujets: | |
| Tags: |
Pas de tags, Soyez le premier à ajouter un tag!
|
MARC
| LEADER | 00000nla$a2200000$$$4500 | ||
|---|---|---|---|
| 001 | 0064887 | ||
| 005 | 20240502071750.0 | ||
| 041 | 0 | |a slo | |
| 044 | |a SK | ||
| 245 | 1 | 0 | |a Mnohosť kultúr a pevnosť Európa |c Milan Márton |
| 520 | |a Už v minulosti sa Európa rozvíjala ako kontinent mnohých národov a etník, ako miesto kde sa stretávali rôzne kultúry, idey, jazyky, osudy. S vytvorením Európskej únie sa ešte silnejšie ozvali spory o identitu Európy a jej rôzne vymedzenia. Európa čelí rastúcemu migračnému tlaku.Na jednej strane, chce integrovať tých, čo sú vo vnútri, na druhej strane, bráni prisťahovaniu tých, čo sú vonku. Multikultúrny prístup sa v mnohom neosvedčil a viedol ku getoizácii a dezintegrácii spoločnosti a obmedzeniu princípu plurality. Reálna pluralita kultúr totiž predpokladá istú integritu menšín v rámci spoločnosti. | ||
| 610 | 2 | 0 | |a Európa |
| 610 | 2 | 0 | |a Európska únia |
| 610 | 2 | 0 | |a identita |
| 610 | 2 | 0 | |a migrácia |
| 610 | 2 | 0 | |a menšiny národnostné |
| 610 | 2 | 0 | |a integrácia |
| 610 | 2 | 0 | |a pluralizmus |
| 610 | 2 | 0 | |a modely |
| 610 | 2 | 0 | |a kultúra |
| 100 | 1 | |a Márton, Milan | |